| Tag |
First Indicator |
Second Indicator |
Subfields |
| LEADER |
00000pam a2200000 a 4500 |
| 001 |
in00000077281 |
| 005 |
20151008060616.0 |
| 008 |
810721s1982 nyu b 00100 eng |
| 010 |
|
|
|a 81011567
|
| 020 |
|
|
|a 0471062847
|
| 035 |
|
|
|a (OCoLC)07671849
|
| 035 |
|
|
|9 AAJ6150AM
|
| 039 |
0 |
|
|a 2
|b 3
|c 3
|d 3
|e 3
|
| 040 |
|
|
|a DLC
|c DLC
|d TXA
|d UtOrBLW
|
| 049 |
|
|
|a TXAM
|c [1272316]
|
| 050 |
0 |
0 |
|a RJ47.5
|b .H36
|
| 082 |
0 |
|
|a 618.92/0001/9
|2 19
|
| 245 |
0 |
0 |
|a Handbook for the practice of pediatric psychology /
|c edited by June M. Tuma.
|
| 264 |
|
1 |
|a New York :
|b Wiley,
|c [1982]
|
| 264 |
|
4 |
|c ©1982
|
| 300 |
|
|
|a xv, 356 pages ;
|c 25 cm.
|
| 336 |
|
|
|a text
|b txt
|2 rdacontent
|
| 337 |
|
|
|a unmediated
|b n
|2 rdamedia
|
| 338 |
|
|
|a volume
|b nc
|2 rdacarrier
|
| 490 |
1 |
|
|a Wiley series on personality processes,
|x 0195-4008
|
| 500 |
|
|
|a "A Wiley-Interscience publication."
|
| 504 |
|
|
|a Includes bibliographies and index.
|
| 505 |
0 |
|
|a Pediatric psychology / June M. Tuma -- Psychological effects of physical illness and its concomitants / Diane J. Willis, Charles H. Elliott, and Susan Jay -- Assessment techniques in pediatric psychology / Phyllis R. Magrab and Ellen Lehr -- Intervention techniques in pediatric psychology / Gary B. Mesibov and Melissa R. Johnson -- The pediatric psychologist's role in catastrophic illness / John J. Spinetta ... [et al.] The role of the psychologist in pediatric outpatient and inpatient settings / Dennis Drotar ... [et al.] -- The role of the pediatric psychologist as consultant to pediatricians / Michael C. Roberts and Logan Wright -- Pediatric psychology as an area of scientific research / Donald K. Routh -- Training in pediatric psychology / June M. Tuma.
|
| 650 |
|
0 |
|a Pediatrics
|x Psychological aspects.
|
| 650 |
|
0 |
|a Sick children
|x Psychology.
|
| 650 |
|
0 |
|a Child psychology.
|
| 700 |
1 |
|
|a Tuma, June M.
|
| 830 |
|
0 |
|a Wiley series on personality processes.
|
| 999 |
|
|
|a MARS
|
| 999 |
f |
f |
|s 682b9e9d-44fe-3a57-b16a-a9f12e6f162e
|i eb959267-1794-33e8-8d5f-b29a59e6a2b5
|t 0
|
| 952 |
f |
f |
|p ric
|a Texas A&M University
|b Rellis Campus
|c Joint Library Facility
|d Remote Storage
|t 0
|e RJ47.5 .H36
|h Library of Congress classification
|i unmediated -- volume
|m A14807377586
|
| 998 |
f |
f |
|a RJ47.5 .H36
|t 0
|l Remote Storage
|